La forza del destino /

Bibliographic Details
Main Author: Verdi, Giuseppe, 1813-1901
Other Authors: Piave, Francesco Maria, 1810-1876 (Librettist)
Format: Musical Score Book
Language:Italian
Published: New York : Dover, 1991.
Subjects:

MARC

Tag First Indicator Second Indicator Subfields
LEADER 00000ccm a2200000 a 4500
001 in00001387939
005 20151019172920.0
008 910311r19911904nyuopa n ita
010 |a  91751003  
020 |a 0486267431 
035 |a (OCoLC)23382371 
035 |9 AHK9329AM 
040 |a DLC  |c DLC  |d TXA  |d UtOrBLW 
049 |a TXAM 
050 0 0 |a M1500.V48  |b F5 1991 
090 |a M1500.V4  |b F5 1991 
100 1 |a Verdi, Giuseppe,  |d 1813-1901. 
245 1 3 |a La forza del destino /  |c Giuseppe Verdi. 
254 |a In full score. 
264 1 |a New York :  |b Dover,  |c 1991. 
300 |a 1 score (614 pages) ;  |c 28 cm. 
336 |a notated music  |b ntm  |2 rdacontent 
337 |a unmediated  |b n  |2 rdamedia 
338 |a volume  |b nc  |2 rdacarrier 
500 |a Opera in 4 acts. 
500 |a Italian words. 
500 |a Libretto by Francesco Maria Piave. 
500 |a Reprint. Originally published: Milano : G. Ricordi, 1904. 
650 0 |a Operas  |v Scores. 
700 1 |a Piave, Francesco Maria,  |d 1810-1876,  |e librettist. 
999 |a MARS 
999 f f |s d9195e41-e303-3f96-8551-521bc1462e43  |i 5a472f8b-c21b-37cf-a1f9-ea5d63484149  |t 0 
952 f f |p normal  |a Texas A&M University  |b College Station  |c Sterling C. Evans Library  |d Evans: Library Stacks  |t 0  |e M1500.V4 F5 1991  |h Library of Congress classification  |i unmediated -- volume  |m A14821508573 
998 f f |a M1500.V4 F5 1991  |t 0  |l Evans: Library Stacks